| 000 | 00551nam a2200205Ia 4500 | ||
|---|---|---|---|
| 003 | OSt | ||
| 005 | 20260204154114.0 | ||
| 008 | 210210b1948 xxu||||| |||| 00| 0 eng d | ||
| 040 | _cAL | ||
| 041 | _aKannada | ||
| 082 | _a852/492 | ||
| 100 |
_aRAMARAV (M) _dರಾಮರಾವ್ (ಎಂ) _9253681 |
||
| 245 |
_aJivanakke belaku _b ಜೀವನಕ್ಕೆ ಬೆಳಕು |
||
| 260 |
_aBengaLuru _b- _c1948 |
||
| 650 |
_aJIvanakke _9253682 |
||
| 650 |
_abeLaku _9253683 |
||
| 690 |
_aKannada Prose _9253684 |
||
| 906 | _a019058 | ||
| 942 |
_2ddc _cBK |
||
| 999 |
_c143131 _d143131 |
||